| 000 | 01341cab a2200289 4500 | ||
|---|---|---|---|
| 001 | X2595 | ||
| 008 | 090401t1995 xxu||||| |||| 00| 0 eng d | ||
| 035 | _a(Sirsi) u25211 | ||
| 041 | _aeng | ||
| 245 | _aTewkesbury BC v RSPCA | ||
| 260 | _c1995 | ||
| 350 | _a0 | ||
| 490 |
_aPlanning Appeal Decisions _v(1995) 10 PAD 637-642(6) |
||
| 520 | _a5 May 1995. Animal welfare facility - siting and means of access - details subject to change - whether appropriate in green belt - whether special circumstances - effect on character and appearance of green belt - structure and local plans - old and new PPG2s - extra grazing land - existing permission for golf driving range - whether two dwellings needed for 24-hour supervision - ANOB nearby - noise and disturbance - balanced against existing uses of site - section 106 undertaking - conditions. TAKEN FROM CASE HEADING. | ||
| 650 | _aANIMAL WELFARE FACILITY | ||
| 650 | _aENVIRONMENTAL PROTECTION ACT 1990 | ||
| 650 | _aGREEN BELT | ||
| 650 | _aPLANNING POLICY GUIDANCE NOTE 2 (GREEN BELTS) | ||
| 650 | _aPPG7 | ||
| 650 | _aROYAL SOCIETY FOR THE PREVENTION OF CRUELTY TO ANIMALS | ||
| 650 | _aRSPCA | ||
| 650 | _aTEWKESBURY BC V RSPCA | ||
| 650 | _aTOWN AND COUNTRY PLANNING ACT 1990 | ||
| 690 | _aPLANNING LAW AND PRACTICE-CASE LAW | ||
| 942 | _n0 | ||
| 948 | _c04/03/1997 | ||
| 999 |
_c16920 _d16920 |
||